Cost of living adjustment and business cycles disaggregated evidence

Saved in:
Bibliographic Details
Main Author: Kandil, Magda
Format: Book
Language:English
Published: Washington International Monetary Fund 2000
Series:IMF Working Paper WP/00/124
Subjects:
Tags: Add Tag
No Tags, Be the first to tag this record!

MARC

LEADER 00000nam a2200000 4500
001 c124371
005 20221221081915.4
041 0 |a eng 
044 |a US 
245 1 0 |a Cost of living adjustment and business cycles  |b disaggregated evidence  |c Magda Kandil 
264 1 |a Washington  |b International Monetary Fund  |c 2000 
300 |a 42 s. 
490 1 |a IMF Working Paper  |v WP/00/124 
830 0 |a IMF Working Paper  |v WP/00/124 
610 2 0 |a náklady životné 
610 2 0 |a cykly hospodárske 
610 2 0 |a flexibilita 
100 1 |a Kandil, Magda